Catalog

Record Details

Catalog Search



Jan Végh : k 150 letému výročí tolerance Cover Image Book Book

Jan Végh : k 150 letému výročí tolerance Ferdinand Hrejsa

Hrejsa, Ferdinand (Author).

Record details

  • Physical Description: 135 s.
  • Publisher: Praha Blahoslavova společnost 1930

Available copies

  • 1 of 1 copy available at Common Catalog SPOK.

Holds

  • 0 current holds with 1 total copy.
Show All Copies
Location Call Number / Copy Notes Barcode Shelving Location Status Due Date
ETS Library 274.37081 424470002509 Volný výběr Available -

LDR 00622nam a2 00217
00133966
003CZ-PrJAB
00520030801000000.0
008030506s1930 xr e |||| |cze
009cz
035 . ‡a(CONS)4472
035 . ‡aKPS4023
041 . ‡acze
08214. ‡a274.37081
100 . ‡71962 ‡aHrejsa, Ferdinand
245 . ‡aJan Végh : ‡bk 150 letému výročí tolerance ‡cFerdinand Hrejsa
260 . ‡aPraha ‡bBlahoslavova společnost ‡c1930
300 . ‡a135 s.
653 . ‡aJan Végh ‡ak 150 letému výročí tolerance
8524 . ‡bETS ‡bETS ‡cVolný výběr ‡j274.37081 ‡gA ‡p424470002509
910 . ‡aABG450
999 . ‡a4472 ‡bAUTOGEN ‡c4472 ‡tbiblio
905 . ‡uadmin
901 . ‡a33966 ‡b ‡c33966 ‡tbiblio ‡sets

Additional Resources